1491 1460 1353 1139 1422 1283 1782 1019 1651 1692 1039 1337 1046 1899 1922 1186 1179 1488 1359 1323 1867 1085 1089 1648 1647 1302 1151 1502 1946 1335 1621 1280 1167 1331 1396 1307 1261 1911 1497 1090 1900 1829 1033 1248 1731 1846 1104 1151 1894 1798 1137 1552 1498 1750 1021 1137 1233 1973 1297 1244 1804 1380 1215 1179 1013 1398 1082 1550 1412 1575 1139 1355 1679 1639 1549 1005 1974 1261 1917 1297 1418 1081 1644 1081 1932 1490 1368 1443 1173 1024 1966 1074 1416 1127 1776 1264 1119 1693 1978 BCNSPRNW ULIB Ver.6.0+V

เปลี่ยนเป็นภาษาไทย

Change to English
 แสดงรายละเอียดบรรณานุกรม
  กลับหน้าหลัก

Brief Record : Get Marc (ISO 2709) : E-mail record : QR code < ปิดหน้าต่าง
LEADER : 00000nam 2200000uu 4500
001    13399122777
003     ULIB
008    130919s2556||||th 000 0 tha d
020    9786161115968
060  4 WB15^bบ218น
100 0  บริรักษ์ เจริญศิลป์ และรุ้งใจ เจริญศิลป์
245 00 แนวทางการบันทึกและให้รหัสการวินิจฉัยโรคและหัตถการ^n=Auditor recoding for medical audit^cบริรักษ์ เจริญศิลป์ และรุ้งใจ เจริญศิลป์
246 0  Auditor recoding for medical audit
260    นครสวรรค์:^bสำนักงานหลักประกันสุขภาพแห่งชาติ เขต 3 นครสวรรค์,^c2556
300    328 หน้า
650  7 การวินิจฉัยโรค
650  7 รหัส ICD-10
650  7 การบันทึกและการให้รหัสหัตถการ
710 1  สำนักงานหลักประกันสุขภาพแห่งชาติ เขต 3 นครสวรรค์
945    ^p0^l0^i033995
999    ^aเกษร โพธิ์สุวรรณ
รายการนี้ยังไม่มีแท็ก
คุณยังไม่ได้ล็อกอิน คุณสามารถมีกิจกรรมร่วมกับเว็บไซต์ได้ แต่ต้องล็อกอินก่อน ::
  ล็อกอิน

รายการสื่อสารสนเทศ

ลำดับที่ ประเภท เลขเรียก/บาร์โค้ด สถานที่ สถานะ
1. วิทยาศาสตร์การแพทย์ และสุขภาพ
หนังสือสำรอง
สถานะ=หนังสือสำรอง
WB15 บ218น ฉ.1 
  Barcode: 033995
ห้องสมุดวิทยาเขตสวรรค์ประชารักษ์
►ส่วนจัดเก็บหนังสือเก่า สปร
บนชั้น
  ขอยืม

รายการใกล้เคียง
    หัวเรื่อง [การวินิจฉัยโรค]

BibComment


ยังไม่เคยถูกคอมเมนท์

คอมเมนท์ทรัพยากรรายการนี้
  คอมเมนท์: แนวทางการบันทึกแล..


 Copyright 2026. Bcnsprnw @Library